[Event "Al-Ain Classic Open A 2013"]
[Site "Al-Ain UAE"]
[Date "2013.12.21"]
[Round "3.19"]
[White "Hayrapetyan, Hovik"]
[Black "Chelushkina, Irina"]
[Result "1-0"]
[WhiteTitle "GM"]
[BlackTitle "WGM"]
[WhiteElo "2458"]
[BlackElo "2276"]
[WhiteFideId "13302639"]
[BlackFideId "928615"]
[EventDate "2013.12.19"]

1. d4 Nf6 2. Nf3 g6 3. c4 Bg7 4. Nc3 O-O 5. g3 d5 6. Bg2 c6 7. cxd5 Nxd5 8. O-O
Nb6 9. Bf4 Na6 10. Rc1 Bg4 11. Ne5 Be6 12. b3 Nb4 13. e4 a5 14. a3 Na6 15. d5
cxd5 16. exd5 Bc8 17. Re1 Nc7 18. Nc4 Nxc4 19. bxc4 Re8 20. c5 e5 21. Be3 a4 22.
d6 Ne6 23. Nxa4 Bd7 24. Nb6 Rxa3 25. Nxd7 Rxe3 26. Rxe3 1-0

[Event "Al-Ain Classic Open A 2013"]
[Site "Al-Ain UAE"]
[Date "2013.12.21"]
[Round "3.22"]
[White "Plotkin, Victor"]
[Black "Salem, A.R. Saleh"]
[Result "0-1"]
[WhiteTitle "FM"]
[BlackTitle "GM"]
[WhiteElo "2228"]
[BlackElo "2564"]
[WhiteFideId "2606674"]
[BlackFideId "9301348"]
[EventDate "2013.12.19"]

1. e4 c6 2. Nf3 d5 3. Nc3 Bg4 4. d4 Nf6 5. e5 Nfd7 6. h3 Bxf3 7. Qxf3 e6 8. Qg4
h5 9. Qg3 Qb6 10. f4 Qxd4 11. Be3 h4 12. Bxd4 hxg3 13. Ne2 Rh4 14. Be3 Bc5 15.
Kd2 Bb6 16. c3 c5 17. Kc2 c4 18. Kd2 Nc6 19. Nxg3 g5 20. fxg5 Ke7 21. Bxb6 axb6
22. Ne2 Rg8 23. g3 Rhh8 24. Bg2 Rxg5 25. h4 Rg7 26. b4 Ncxe5 27. a4 Nc6 28. a5
bxa5 29. b5 Nce5 30. Rxa5 Nc5 31. Ra7 Kd6 32. Kc2 Ng4 33. Bf3 Ne3+ 34. Kd2 Nf5
35. Rh3 Kc7 36. h5 Kb6 37. Ra2 Nd3 38. Ra1 Rg5 39. Rg1 Ra8 40. Nd4 Ra2+ 41. Nc2
Nh6 42. Ra1 Rxa1 43. Nxa1 Kxb5 44. Nc2 Kc5 45. Ne3 b5 46. g4 b4 47. cxb4+ Nxb4
48. Kc1 d4 49. Ng2 c3 0-1

[Event "Al-Ain Classic Open A 2013"]
[Site "Al-Ain UAE"]
[Date "2013.12.21"]
[Round "3.23"]
[White "Kveinys, Aloyzas"]
[Black "Kulkarni, Bhakti"]
[Result "1-0"]
[WhiteTitle "GM"]
[BlackTitle "CM"]
[WhiteElo "2534"]
[BlackElo "2267"]
[WhiteFideId "12800040"]
[BlackFideId "5019516"]
[EventDate "2013.12.19"]

1. d4 f5 2. g3 Nf6 3. Bg2 e6 4. Nf3 d5 5. O-O Bd6 6. c4 c6 7. b3 Qe7 8. Ne5 O-O
9. Nd2 b6 10. cxd5 exd5 11. Ndf3 Bb7 12. Bf4 Nbd7 13. Qc2 c5 14. Qxf5 cxd4 15.
Nxd7 Nxd7 16. Bxd6 Qxd6 17. Qd3 Nc5 18. Qxd4 Rae8 19. Qb2 Ba6 20. Nd4 Qe5 21.
Rad1 Bxe2 22. Qxe2 Qxe2 23. Nxe2 Rxe2 24. Bxd5+ Kh8 25. b4 Ne4 26. Rde1 Rxe1 27.
Rxe1 Nxf2 28. Rf1 Nh3+ 29. Kg2 Rxf1 30. Kxf1 h6 31. Ke2 g6 32. Kd3 Kg7 33. Kc4
Kf6 34. Kb5 Ke5 35. Bf7 g5 36. Ka6 Kd6 37. Kxa7 Kc7 38. a4 Nf2 39. b5 1-0

[Event "Al-Ain Classic Open A 2013"]
[Site "Al-Ain UAE"]
[Date "2013.12.21"]
[Round "3.25"]
[White "Rasulov, Vugar"]
[Black "Zayan, Osama"]
[Result "1-0"]
[WhiteTitle "GM"]
[WhiteElo "2529"]
[BlackElo "2234"]
[WhiteFideId "13402390"]
[BlackFideId "10601180"]
[EventDate "2013.12.19"]

1. c4 e5 2. Nc3 Nf6 3. g3 Bb4 4. Bg2 O-O 5. Nf3 Nc6 6. O-O e4 7. Ng5 Bxc3 8.
bxc3 Re8 9. d3 exd3 10. exd3 b6 11. Nf3 Bb7 12. Nh4 d5 13. cxd5 Nxd5 14. Bb2 Qd7
15. c4 Nde7 16. Qh5 Rab8 17. Rae1 Nd4 18. Bxb7 Rxb7 19. Re4 Ne6 20. Rfe1 c5 21.
f4 Rbb8 22. f5 Nd4 23. Bxd4 cxd4 24. Qe2 Kf8 25. f6 gxf6 26. Qf3 Ng8 27. Nf5 Re5
28. Rxe5 fxe5 29. Rxe5 1-0

[Event "Al-Ain Classic Open A 2013"]
[Site "Al-Ain UAE"]
[Date "2013.12.21"]
[Round "3.28"]
[White "Basencyan, Mark"]
[Black "Pourramezanali, Amirreza"]
[Result "0-1"]
[BlackTitle "FM"]
[WhiteElo "2181"]
[BlackElo "2458"]
[WhiteFideId "13300725"]
[BlackFideId "12511412"]
[EventDate "2013.12.19"]

1. d4 d5 2. c4 e6 3. Nc3 c6 4. Nf3 Nf6 5. Bg5 dxc4 6. e4 b5 7. e5 h6 8. Bh4 g5
9. exf6 gxh4 10. Ne5 Qxf6 11. g3 Nd7 12. Qe2 Bb7 13. Bg2 Bb4 14. O-O Bxc3 15.
bxc3 h3 16. Nxd7 Kxd7 17. Bxh3 c5 18. d5 Bxd5 19. Rad1 Kc6 20. f4 Qxc3 21. f5
Rhe8 22. fxe6 fxe6 23. Bg2 Rad8 24. Rf7 Kb6 25. a4 Bxg2 26. Kxg2 Rxd1 27. Qxd1
Qd3 28. Qg4 Qd5+ 29. Kh3 a6 30. Qf4 Rc8 31. axb5 axb5 32. Qh4 Rc7 33. Rf8 c3 34.
Qxh6 c2 35. Rb8+ Ka5 0-1

[Event "Al-Ain Classic Open A 2013"]
[Site "Al-Ain UAE"]
[Date "2013.12.21"]
[Round "3.30"]
[White "Arab, Adlane"]
[Black "Tuvsanaa, Nyamaa"]
[Result "1-0"]
[WhiteTitle "IM"]
[BlackTitle "FM"]
[WhiteElo "2433"]
[BlackElo "2162"]
[WhiteFideId "7900872"]
[BlackFideId "4900413"]
[EventDate "2013.12.19"]

1. d4 d5 2. c4 c6 3. Nf3 Nf6 4. e3 e6 5. Bd3 dxc4 6. Bxc4 Nbd7 7. O-O b5 8. Bd3
Bb7 9. e4 a6 10. a4 Be7 11. Bg5 O-O 12. Nbd2 h6 13. Bh4 Rc8 14. e5 Ne8 15. Bxe7
Qxe7 16. Qe2 Nb6 17. Qe4 f5 18. exf6 Nxf6 19. Qg6 c5 20. axb5 c4 21. Bc2 axb5
22. Ne5 Qe8 23. Ra5 Nbd5 24. Ne4 Qxg6 25. Nxg6 Rfd8 26. Rxb5 Ba6 27. Ra5 Ra8 28.
Rfa1 Nb4 29. Nxf6+ gxf6 30. Be4 Ra7 1-0

[Event "Al-Ain Classic Open A 2013"]
[Site "Al-Ain UAE"]
[Date "2013.12.21"]
[Round "3.33"]
[White "Bakalar, Jan"]
[Black "Khatanbaatar, Bazar"]
[Result "0-1"]
[BlackTitle "GM"]
[WhiteElo "2033"]
[BlackElo "2329"]
[WhiteFideId "14901978"]
[BlackFideId "4900332"]
[EventDate "2013.12.19"]

1. d4 d5 2. c4 c6 3. Nc3 Nf6 4. cxd5 cxd5 5. Nf3 Nc6 6. Bf4 Bf5 7. e3 e6 8. Rc1
Qb6 9. Bb5 Be7 10. Qb3 O-O 11. O-O Na5 12. Qd1 a6 13. Bd3 Bxd3 14. Qxd3 Qxb2 15.
Bc7 Qa3 16. Rcd1 Nc6 17. Rb1 Nb4 18. Qd2 Ne4 19. Nxe4 dxe4 20. Rb3 Qa4 21. Ne5
Rac8 22. Bb6 Rc2 23. Qd1 Qxa2 24. Qb1 Qxb1 25. Rfxb1 Rfc8 26. g3 Nd5 27. Bc5
Bxc5 28. dxc5 Nc3 29. Ra1 Nb5 30. c6 bxc6 31. Rxa6 Nd6 32. Rbb6 h5 33. Rxc6 Nf5
34. h3 Kh7 35. Kg2 Nxe3+ 36. Kg1 Nd5 0-1

[Event "Al-Ain Classic Open A 2013"]
[Site "Al-Ain UAE"]
[Date "2013.12.21"]
[Round "3.34"]
[White "Elarbi, Abobker"]
[Black "Abtini, Hasan"]
[Result "1-0"]
[WhiteTitle "FM"]
[WhiteElo "2295"]
[BlackElo "2014"]
[WhiteFideId "9200355"]
[BlackFideId "7601506"]
[EventDate "2013.12.19"]

1. d4 d5 2. c4 c6 3. cxd5 cxd5 4. Nc3 Nc6 5. Nf3 Nf6 6. e3 e6 7. a3 Bd6 8. Bd3
O-O 9. O-O e5 10. dxe5 Nxe5 11. Be2 Ng6 12. b4 a6 13. Bb2 b5 14. Qd4 Bb7 15. a4
Qe7 16. axb5 Bxb4 17. bxa6 Bc6 18. Rfc1 Bc5 19. Nxd5 Bxd4 20. Nxe7+ Nxe7 21.
Bxd4 1-0

[Event "Al-Ain Classic Open A 2013"]
[Site "Al-Ain UAE"]
[Date "2013.12.21"]
[Round "3.35"]
[White "Safranska, Anda"]
[Black "Dahdal, Lougain"]
[Result "1-0"]
[WhiteTitle "WGM"]
[BlackTitle "WIM"]
[WhiteElo "2291"]
[BlackElo "2002"]
[WhiteFideId "11600209"]
[BlackFideId "8102880"]
[EventDate "2013.12.19"]

1. e4 c5 2. g3 e6 3. d3 d5 4. Nd2 Nc6 5. Bg2 Nf6 6. Ngf3 Bd6 7. O-O O-O 8. Re1
Nd7 9. Nf1 d4 10. Ng5 h6 11. Nh3 e5 12. f4 exf4 13. gxf4 Qh4 14. e5 Bc7 15. Re4
Nb6 16. f5 Qe7 17. f6 Qe6 18. fxg7 Kxg7 19. Ng3 Nxe5 20. Nf4 Qd6 21. Nfh5+ Kh7
22. Bf4 f6 23. Qd2 Rf7 24. Rf1 Qf8 25. Nxf6+ Rxf6 26. Bxe5 Rxf1+ 27. Bxf1 Bxe5
28. Rxe5 Nd7 29. Re1 Nf6 30. Qf4 Qg7 31. Qd6 Kh8 32. Qd8+ Ng8 33. Bg2 a5 34. Re8
a4 35. Nh5 Qg4 36. Qf6+ Kh7 37. Qf7+ Kh8 38. Nf6 Qd1+ 39. Bf1 1-0

[Event "Al-Ain Classic Open A 2013"]
[Site "Al-Ain UAE"]
[Date "2013.12.21"]
[Round "3.36"]
[White "Ameir, Moheb"]
[Black "Afshar, Niusha"]
[Result "1-0"]
[WhiteTitle "IM"]
[WhiteElo "2287"]
[BlackElo "1992"]
[WhiteFideId "10600620"]
[BlackFideId "12509892"]
[EventDate "2013.12.19"]

1. e4 c5 2. Nf3 Nc6 3. Bb5 g6 4. Bxc6 dxc6 5. d3 Bg7 6. h3 Nf6 7. Be3 b6 8. Nc3
O-O 9. Qd2 Re8 10. a3 Ba6 11. O-O e5 12. Qe2 Qc7 13. Nd2 Nh5 14. b4 cxb4 15.
axb4 Bb7 16. Ra4 Nf4 17. Qd1 a6 18. Ra2 b5 19. Nb3 Ne6 20. Qd2 Bf8 21. Ne2 c5
22. bxc5 Nxc5 23. Nxc5 Bxc5 24. Bxc5 Qxc5 25. Qg5 Rac8 26. Nc1 Qb6 27. Nb3 Rc3
28. Na5 Ba8 29. Qd2 Rec8 30. Rfa1 R3c7 31. Rb1 Qd6 32. Nb3 Kg7 33. Rba1 Bb7 34.
Qe2 Rc3 35. Rb1 Qc7 36. Rbb2 Qd6 37. Nd2 Ra3 38. Nf1 Rxa2 39. Rxa2 Rc3 40. Ne3
Ra3 41. Rb2 Qd4 42. Rb1 Ra1 43. Qe1 Rxb1 44. Qxb1 Bc6 45. Qc1 Qc3 46. Ng4 Kf8
47. Qh6+ Ke7 48. Qg5+ Kd6 49. Qf6+ Kc7 50. Nxe5 Qxc2 51. Nxf7 Qb1+ 52. Kh2 Qxd3
53. Qxc6+ Kxc6 54. Ne5+ Kd6 55. Nxd3 a5 56. f4 a4 57. e5+ Kd5 58. Nb4+ Kc5 59.
Nc2 b4 60. Nxb4 Kxb4 61. e6 a3 62. e7 a2 63. e8=Q a1=Q 64. Qe7+ Kc4 65. Qxh7 Qf6
66. Qc7+ Kd3 67. Qe5 Qf7 68. Kg3 Qb7 69. Qd6+ Ke2 70. Qxg6 1-0

[Event "Al-Ain Classic Open A 2013"]
[Site "Al-Ain UAE"]
[Date "2013.12.21"]
[Round "3.38"]
[White "Baryshpolets, Andrey"]
[Black "Enkhtuul, Altanulzii"]
[Result "1-0"]
[WhiteTitle "GM"]
[BlackTitle "WIM"]
[WhiteElo "2557"]
[BlackElo "2249"]
[WhiteFideId "14117207"]
[BlackFideId "4901444"]
[EventDate "2013.12.19"]

1. Nf3 g6 2. c4 Bg7 3. d4 c5 4. e4 cxd4 5. Nxd4 Nc6 6. Be3 Qa5+ 7. Nc3 Nf6 8.
Nb3 Qd8 9. Be2 O-O 10. O-O d6 11. f3 a5 12. Na4 Nd7 13. f4 b6 14. Bf3 Bb7 15.
Rf2 Qc7 16. Rd2 Nc5 17. Naxc5 bxc5 18. e5 Nd4 19. Bxb7 Qxb7 20. Bxd4 cxd4 21.
exd6 exd6 1-0

[Event "Al-Ain Classic Open A 2013"]
[Site "Al-Ain UAE"]
[Date "2013.12.21"]
[Round "3.39"]
[White "Gagare, Shardul"]
[Black "Mukhin, Alexey"]
[Result "1-0"]
[WhiteTitle "IM"]
[WhiteElo "2442"]
[BlackElo "2188"]
[WhiteFideId "5037883"]
[BlackFideId "4180011"]
[EventDate "2013.12.19"]

1. c4 e5 2. g3 d6 3. Bg2 f5 4. Nc3 Nf6 5. d3 Be7 6. Nf3 O-O 7. O-O Qe8 8. Bg5
Qh5 9. Qc2 c6 10. b4 Be6 11. b5 d5 12. bxc6 bxc6 13. cxd5 cxd5 14. Rac1 Nc6 15.
Qa4 Rfc8 16. Bxf6 Bxf6 17. Nxd5 Bxd5 18. e4 fxe4 19. dxe4 Bxa2 20. Qxa2+ Kh8 21.
Qe6 Ne7 22. Rxc8+ Rxc8 23. g4 Qh6 24. h4 g5 25. hxg5 Bxg5 26. Qxe5+ Bf6 27. Qe6
Rg8 28. Rd1 Qf4 29. e5 Bg5 30. Rd4 Qc1+ 31. Bf1 h5 32. Rc4 1-0

[Event "Al-Ain Classic Open A 2013"]
[Site "Al-Ain UAE"]
[Date "2013.12.21"]
[Round "3.40"]
[White "Kanter, Eduard"]
[Black "Gator, Mosab"]
[Result "1-0"]
[WhiteTitle "IM"]
[BlackTitle "FM"]
[WhiteElo "2406"]
[BlackElo "2120"]
[WhiteFideId "4103963"]
[BlackFideId "1312383"]
[EventDate "2013.12.19"]

1. d4 d5 2. c4 e6 3. Nf3 Nf6 4. g3 c6 5. Nc3 Bb4 6. Bg2 Ne4 7. Qb3 Qa5 8. Bd2
dxc4 9. Qxc4 Nxd2 10. Nxd2 Nd7 11. O-O e5 12. Nb3 Qb6 13. Na4 Qb5 14. Qxb5 cxb5
15. Nac5 Bxc5 16. dxc5 Rb8 17. a4 bxa4 18. Rxa4 a6 19. Rb4 Kd8 20. Rc1 Kc7 21.
Na5 Nf8 22. Nc4 f6 23. Nb6 Nd7 24. c6 bxc6 25. Rxc6+ Kd8 26. Rxc8+ Rxc8 27. Nxc8
Kxc8 28. Bb7+ Kc7 29. Bxa6 Nb6 30. Bd3 Ra8 31. Bxh7 Ra2 32. h4 Kc6 33. Bd3 Nd5
34. Rg4 Rxb2 35. Rxg7 Rb8 36. Be4 1-0

[Event "Al-Ain Classic Open A 2013"]
[Site "Al-Ain UAE"]
[Date "2013.12.21"]
[Round "3.41"]
[White "Kurbanov, Charygeldy"]
[Black "Nezad, Husein Aziz"]
[Result "0-1"]
[BlackTitle "IM"]
[WhiteElo "2104"]
[BlackElo "2400"]
[WhiteFideId "14001152"]
[BlackFideId "12100293"]
[EventDate "2013.12.19"]

1. d4 d5 2. c4 c6 3. Nf3 Nf6 4. Nc3 g6 5. e3 Bg7 6. Be2 O-O 7. O-O Bg4 8. Ne5
Bxe2 9. Qxe2 e6 10. b3 Nbd7 11. f4 c5 12. Rd1 cxd4 13. exd4 Rc8 14. Be3 Qa5 15.
Rac1 dxc4 16. bxc4 Nb6 17. Qf1 Qb4 18. c5 Nbd5 19. Nxd5 Nxd5 20. g3 Rfd8 21. Bf2
Qa4 22. Qc4 Qe8 23. Qb3 Rc7 24. Qf3 b6 25. cxb6 Rxc1 26. Rxc1 axb6 27. Qb3 Ra8
28. Rc2 Bf8 29. Nc4 b5 30. Nd2 b4 31. Ne4 Qa4 0-1

[Event "Al-Ain Classic Open A 2013"]
[Site "Al-Ain UAE"]
[Date "2013.12.21"]
[Round "3.42"]
[White "Pourkashiyan, Atousa"]
[Black "Sameir, Ramez"]
[Result "1-0"]
[WhiteTitle "WGM"]
[WhiteElo "2334"]
[BlackElo "2070"]
[WhiteFideId "12502014"]
[BlackFideId "10606017"]
[EventDate "2013.12.19"]

1. e4 e6 2. d4 d5 3. Nd2 Nf6 4. e5 Nfd7 5. c3 c5 6. Bd3 Nc6 7. Ne2 Qb6 8. Nf3
cxd4 9. cxd4 f6 10. exf6 Nxf6 11. O-O Bd6 12. Bf4 Bxf4 13. Nxf4 Qxb2 14. Qa4 Qb4
15. Qxb4 Nxb4 16. Bb5+ Bd7 17. Nxe6 Bxb5 18. Nc7+ Kd7 19. Nxb5 Nc6 20. Ne5+ Nxe5
21. dxe5 Ne8 22. Rad1 Ke6 23. f4 a6 24. Nd4+ Ke7 25. a4 g6 26. Rb1 Ra7 27. Rb6
Kd7 28. Rc1 Nc7 29. Rd6+ Kc8 30. Ne6 b5 31. Rdc6 Kd7 32. Nxc7 1-0

[Event "Al-Ain Classic Open A 2013"]
[Site "Al-Ain UAE"]
[Date "2013.12.21"]
[Round "3.43"]
[White "Seddaoui, Yamine"]
[Black "Sarwat, Walaa"]
[Result "0-1"]
[BlackTitle "IM"]
[WhiteElo "2051"]
[BlackElo "2315"]
[WhiteFideId "7902026"]
[BlackFideId "10600256"]
[EventDate "2013.12.19"]

1. e4 e5 2. Nf3 Nc6 3. Bb5 a6 4. Bxc6 dxc6 5. O-O Qf6 6. d3 Bg4 7. h3 Bxf3 8.
Qxf3 Qxf3 9. gxf3 Bd6 10. Nd2 Ne7 11. Nc4 Ng6 12. Kg2 O-O 13. Ne3 Nf4+ 14. Kh2
g6 15. Bd2 b5 16. Rg1 Ne2 17. Rge1 Nd4 18. Kg2 f5 19. c3 Ne6 20. Nf1 Nc5 21. Bh6
Nxd3 22. Bxf8 Nxe1+ 23. Rxe1 Rxf8 24. Rd1 Kf7 25. Ng3 Ke6 26. Rd2 c5 27. Nf1 c4
28. Rd5 c6 29. Rd2 Bc5 30. Ng3 Bb6 31. Rd1 Rg8 32. Nf1 Rf8 0-1

[Event "Al-Ain Classic Open A 2013"]
[Site "Al-Ain UAE"]
[Date "2013.12.21"]
[Round "3.44"]
[White "Salih, Akar Ali Salih"]
[Black "Mezioud, Amina"]
[Result "1/2-1/2"]
[WhiteTitle "FM"]
[BlackTitle "WIM"]
[WhiteElo "2313"]
[BlackElo "2048"]
[WhiteFideId "4800575"]
[BlackFideId "7900970"]
[EventDate "2013.12.19"]

1. e4 e6 2. d3 d5 3. Nd2 c5 4. Ngf3 Nd7 5. g3 Ngf6 6. Bg2 dxe4 7. dxe4 Qc7 8.
O-O b6 9. b3 Ne5 10. Bb2 Bd6 11. Nh4 Bb7 12. f4 O-O-O 13. h3 Bc6 14. f5 exf5 15.
Nxf5 1/2-1/2

[Event "Al-Ain Classic Open A 2013"]
[Site "Al-Ain UAE"]
[Date "2013.12.21"]
[Round "3.45"]
[White "Baghdasaryan, Vahe"]
[Black "Kalinina, Larisa"]
[Result "1-0"]
[WhiteTitle "IM"]
[BlackTitle "WIM"]
[WhiteElo "2395"]
[BlackElo "2155"]
[WhiteFideId "13303139"]
[BlackFideId "14106361"]
[EventDate "2013.12.19"]

1. e4 c5 2. Nf3 Nc6 3. d4 cxd4 4. Nxd4 Nf6 5. Nc3 d6 6. Bg5 h6 7. Bxf6 gxf6 8.
Bc4 Qb6 9. Ndb5 a6 10. Nd5 Qa5+ 11. b4 Nxb4 12. Nbc7+ Kd8 13. Nxa8 Nxc2+ 14. Ke2
Nxa1 15. Nab6 e6 16. Qxa1 exd5 17. Qxf6+ Ke8 18. Nxd5 1-0

[Event "Al-Ain Classic Open A 2013"]
[Site "Al-Ain UAE"]
[Date "2013.12.21"]
[Round "3.46"]
[White "Nameer, Noor. Al-Deen"]
[Black "Laabi Chian, Majid"]
[Result "1-0"]
[WhiteTitle "CM"]
[WhiteElo "2246"]
[BlackElo "2092"]
[WhiteFideId "4801890"]
[BlackFideId "12500224"]
[EventDate "2013.12.19"]

1. Nf3 Nf6 2. c4 c6 3. Nc3 d5 4. d4 e6 5. g3 Nbd7 6. Bg2 Be7 7. O-O O-O 8. Qc2
Re8 9. Rd1 Bf8 10. b3 Bb4 11. Bd2 Bxc3 12. Bxc3 Ne4 13. Bb2 f5 14. Rac1 Rf8 15.
Ne1 Ndf6 16. Nd3 Bd7 17. Ne5 Rc8 18. Qd3 Ne8 19. f3 N4d6 20. e4 fxe4 21. fxe4
dxe4 22. Bxe4 Nxe4 23. Qxe4 Qe7 24. Ba3 Nd6 25. Qg4 g5 26. Bxd6 Qxd6 27. Qxg5+
Kh8 28. Rd3 Rf5 29. Qxf5 1-0

[Event "Al-Ain Classic Open A 2013"]
[Site "Al-Ain UAE"]
[Date "2013.12.21"]
[Round "3.48"]
[White "Ayyad, Husain"]
[Black "Alahakoon, Isuru"]
[Result "1-0"]
[WhiteTitle "FM"]
[WhiteElo "2191"]
[BlackElo "2067"]
[WhiteFideId "11200243"]
[BlackFideId "9900993"]
[EventDate "2013.12.19"]

1. e4 d5 2. exd5 Qxd5 3. Nc3 Qa5 4. d4 Nf6 5. Bc4 Bg4 6. f3 Bh5 7. Ne2 Nc6 8.
Bd2 O-O-O 9. Nb5 Qb6 10. a4 a5 11. Ra3 e6 12. Rb3 Na7 13. c3 Nxb5 14. Rxb5 Qc6
15. Qb3 b6 16. Nf4 Bg6 17. O-O Ne8 18. Be3 Nd6 19. Be2 Nxb5 20. Bxb5 Qd6 21. Qc4
Kb7 22. b4 Ra8 23. bxa5 Rxa5 24. Qa2 e5 25. Nxg6 hxg6 26. d5 Qa3 1-0

[Event "Al-Ain Classic Open A 2013"]
[Site "Al-Ain UAE"]
[Date "2013.12.22"]
[Round "4.1"]
[White "Hovhannisyan, Robert"]
[Black "Jobava, Baadur"]
[Result "0-1"]
[WhiteTitle "GM"]
[BlackTitle "GM"]
[WhiteElo "2597"]
[BlackElo "2705"]
[WhiteFideId "13302507"]
[BlackFideId "13601520"]
[EventDate "2013.12.19"]

1. e4 e6 2. d4 d5 3. Nc3 Nc6 4. e5 Nge7 5. Nf3 Nf5 6. Be2 Be7 7. O-O O-O 8. h3
Bd7 9. Re1 f6 10. g4 Nfxd4 11. Nxd4 fxe5 12. Nxc6 Bxc6 13. Bf3 Bc5 14. Be3 Rxf3
15. Qxf3 d4 16. Qg3 dxe3 17. fxe3 Qg5 18. Re2 Rf8 19. Rf1 Be4 20. Rff2 0-1

[Event "Al-Ain Classic Open A 2013"]
[Site "Al-Ain UAE"]
[Date "2013.12.22"]
[Round "4.2"]
[White "Oleksienko, Mikhailo"]
[Black "Mirzoev, Azer"]
[Result "1/2-1/2"]
[WhiteTitle "GM"]
[BlackTitle "GM"]
[WhiteElo "2622"]
[BlackElo "2518"]
[WhiteFideId "4152417"]
[BlackFideId "13400304"]
[EventDate "2013.12.19"]

1. d4 d5 2. Nf3 Nf6 3. c4 c6 4. Nc3 dxc4 5. e3 b5 6. a4 b4 7. Na2 e6 8. Bxc4
Nbd7 9. O-O Bb7 10. Qe2 Be7 11. Bd2 a5 12. Nc1 O-O 13. Rd1 c5 14. Nb3 Qb6 15.
Be1 Rfd8 16. Bb5 cxd4 17. Nfxd4 Nc5 18. Nxc5 Bxc5 19. Nb3 Be7 20. f3 e5 21. Bh4
Nd5 22. Bxe7 Nxe7 23. Nd2 Bd5 24. Qf2 Be6 25. Nc4 Bxc4 26. Bxc4 Nf5 27. e4 Qxf2+
28. Kxf2 Nd4 29. Rac1 Kf8 30. f4 f6 31. fxe5 fxe5 32. Bd5 Rac8 33. Ke3 Ke7 34.
Rxc8 Rxc8 35. Rf1 Kd6 36. Rf7 Rc2 37. Ra7 b3 38. Rxa5 Rxb2 39. Ra7 Rxg2 40. Kd3
Rxh2 41. Rxg7 Kc5 42. Rb7 h5 43. a5 Ra2 44. Kc3 Rxa5 45. Rh7 Rb5 46. Rxh5 b2 47.
Ba2 Rb3+ 48. Bxb3 b1=Q 49. Rxe5+ Kb6 50. Kxd4 Qxb3 51. Rd5 1/2-1/2

[Event "Al-Ain Classic Open A 2013"]
[Site "Al-Ain UAE"]
[Date "2013.12.22"]
[Round "4.3"]
[White "Geller, Jakov"]
[Black "Amin, Bassem"]
[Result "0-1"]
[WhiteTitle "GM"]
[BlackTitle "GM"]
[WhiteElo "2542"]
[BlackElo "2654"]
[WhiteFideId "4151984"]
[BlackFideId "10601457"]
[EventDate "2013.12.19"]

1. e4 e5 2. Nf3 Nc6 3. d4 exd4 4. Nxd4 Nf6 5. Nc3 Bb4 6. Nxc6 bxc6 7. Bd3 d5 8.
exd5 cxd5 9. O-O O-O 10. h3 c6 11. Qf3 Re8 12. Bf4 Be6 13. Ne2 Bd6 14. Rfe1 Rb8
15. b3 c5 16. Rad1 Bxf4 17. Nxf4 Qa5 18. Qg3 Bd7 19. Rxe8+ Rxe8 20. a4 h6 21.
Qf3 Re5 22. c3 Qb6 23. Bb5 Bf5 24. Nh5 Nxh5 25. Qxh5 a6 26. Bd3 Qxb3 27. Rb1
Bxd3 0-1

[Event "Al-Ain Classic Open A 2013"]
[Site "Al-Ain UAE"]
[Date "2013.12.22"]
[Round "4.4"]
[White "Gopal, G.N."]
[Black "Ipatov, Alexander"]
[Result "1/2-1/2"]
[WhiteTitle "GM"]
[BlackTitle "GM"]
[WhiteElo "2540"]
[BlackElo "2635"]
[WhiteFideId "5015693"]
[BlackFideId "14116731"]
[EventDate "2013.12.19"]

1. e4 g6 2. d4 Bg7 3. Nc3 c6 4. Nf3 d5 5. h3 Nh6 6. Bd3 f6 7. O-O Nf7 8. Re1 O-O
9. Bf1 b6 10. a4 a6 11. g3 Bb7 12. Bg2 Re8 13. exd5 cxd5 14. Na2 e5 15. dxe5
Nxe5 16. Nb4 Qd7 17. c4 1/2-1/2

[Event "Al-Ain Classic Open A 2013"]
[Site "Al-Ain UAE"]
[Date "2013.12.22"]
[Round "4.5"]
[White "Batchuluun, Tsegmed"]
[Black "Miroshnichenko, Evgenij"]
[Result "1/2-1/2"]
[WhiteTitle "GM"]
[BlackTitle "GM"]
[WhiteElo "2528"]
[BlackElo "2626"]
[WhiteFideId "4900847"]
[BlackFideId "14102595"]
[EventDate "2013.12.19"]

1. d4 Nf6 2. c4 g6 3. Nc3 Bg7 4. e4 d6 5. f3 a6 6. Be3 c6 7. Bd3 O-O 8. Nge2 b5
9. O-O bxc4 10. Bxc4 Nbd7 11. Qd2 a5 12. Rfd1 d5 13. Bd3 dxe4 14. Nxe4 Nd5 15.
Bh6 Qb6 16. Bxg7 Kxg7 17. Rac1 Ba6 18. Bxa6 Rxa6 19. Nc5 Nxc5 20. dxc5 Qc7 21.
Nc3 Nf6 22. Na4 Nd5 23. Nc3 Nf6 24. Na4 Nd5 25. Nc3 1/2-1/2

[Event "Al-Ain Classic Open A 2013"]
[Site "Al-Ain UAE"]
[Date "2013.12.22"]
[Round "4.6"]
[White "Barsov, Alexei"]
[Black "Kravtsiv, Martyn"]
[Result "1/2-1/2"]
[WhiteTitle "GM"]
[BlackTitle "GM"]
[WhiteElo "2527"]
[BlackElo "2617"]
[WhiteFideId "14200082"]
[BlackFideId "14113147"]
[EventDate "2013.12.19"]

1. d4 Nf6 2. c4 e6 3. Nf3 b6 4. g3 Ba6 5. Qa4 Bb7 6. Bg2 g6 7. O-O Bg7 8. Nc3
O-O 9. Rd1 Ne4 10. Nxe4 Bxe4 11. Ng5 Bxg2 12. Kxg2 d6 13. Be3 Qe8 14. Qxe8 Rxe8
15. Rac1 Nd7 16. Ne4 e5 17. Nc3 exd4 1/2-1/2

[Event "Al-Ain Classic Open A 2013"]
[Site "Al-Ain UAE"]
[Date "2013.12.22"]
[Round "4.7"]
[White "Hayrapetyan, Hovik"]
[Black "Iordachescu, Viorel"]
[Result "1/2-1/2"]
[WhiteTitle "GM"]
[BlackTitle "GM"]
[WhiteElo "2458"]
[BlackElo "2614"]
[WhiteFideId "13302639"]
[BlackFideId "13900200"]
[EventDate "2013.12.19"]

1. d4 Nf6 2. c4 e6 3. Nf3 Bb4+ 4. Bd2 a5 5. e3 b6 6. Bd3 Bb7 7. a3 Bxd2+ 8.
Nbxd2 O-O 9. Qc2 d6 10. O-O c5 11. Rfd1 Nbd7 12. Ne4 Qc7 13. dxc5 Bxe4 14. Bxe4
Nxe4 15. Qxe4 bxc5 16. Rd2 Nf6 17. Qf4 Ra6 18. Rad1 Qb8 19. Rxd6 Rxd6 20. Rxd6
Qxb2 21. g4 Qb7 22. Ne5 h6 23. h4 Rb8 24. g5 hxg5 25. hxg5 Qe4 26. Qxe4 Nxe4 27.
Rd7 Nxg5 28. f4 Rb1+ 29. Kg2 Rb2+ 30. Kf1 Ne4 31. Nxf7 Rb3 32. Ke2 Rxa3 33. Kf3
Nd2+ 34. Rxd2 Kxf7 35. Rd7+ Kf6 36. Rc7 a4 37. Rxc5 Rc3 38. Ke4 a3 39. Ra5 1/2-1/2